Účtovanie výsledku hospodárenia v obci

Problematika zisťovania prebytku, resp. schodku rozpočtu obce a následne účtovania výsledku rozpočtového hospodárenia na aplikačnom príklade, z ktorého by mal byť zrejmý postup obce v rámci zúčtovania príjmov a výdavkov obce a vyčíslenia prebytku rozpočtu obce.

Saved in:
Bibliographic Details
Main Author: Konečná Veverková, Ingrid
Format: Book Chapter
Language:Slovak
Subjects:
Tags: Add Tag
No Tags, Be the first to tag this record!

MARC

LEADER 00000naa a2200000 4500
001 0254254
005 20221104112923.0
041 0 |a slo 
044 |a SK 
245 1 0 |a Účtovanie výsledku hospodárenia v obci  |c Ingrid Konečná Veverková 
520 |a Problematika zisťovania prebytku, resp. schodku rozpočtu obce a následne účtovania výsledku rozpočtového hospodárenia na aplikačnom príklade, z ktorého by mal byť zrejmý postup obce v rámci zúčtovania príjmov a výdavkov obce a vyčíslenia prebytku rozpočtu obce. 
610 2 0 |a rozpočet miestny 
610 2 0 |a obce 
610 2 0 |a Slovensko 
610 2 0 |a účtovanie 
610 2 0 |a výsledok hospodársky 
610 2 0 |a hospodárenie finančné 
610 2 0 |a pravidlá rozpočtové 
100 1 |a Konečná Veverková, Ingrid